Govt. of
Madhya Pradesh

The Warrior And The Charioteer (Record no. 16434)

MARC details
000 -LEADER
fixed length control field 003900000a22001570004500
001 - CONTROL NUMBER
control field 004545
003 - CONTROL NUMBER IDENTIFIER
control field MACL
040 ## - CATALOGING SOURCE
Original cataloging agency MACL
090 ## - LOCALLY ASSIGNED LC-TYPE CALL NUMBER (OCLC); LOCAL CALL NUMBER (RLIN)
-- 16538
-- 16537
100 ## - MAIN ENTRY--PERSONAL NAME
Personal name Mohanraj, V.M
245 ## - TITLE STATEMENT
Title The Warrior And The Charioteer
Remainder of title A Materialist Intertation Of The Bhagavadgita
Statement of responsibility, etc. V.M Mohanraj
260 ## - PUBLICATION, DISTRIBUTION, ETC. (IMPRINT)
Place of publication, distribution, etc. Left World Books,
Date of publication, distribution, etc. 2005
350 ## - PRICE (NR) (BK AM CF MU VM SE) [OBSOLETE]
Price 350
650 ## - SUBJECT ADDED ENTRY--TOPICAL TERM
Topical term or geographic name as entry element Religion
942 ## - ADDED ENTRY ELEMENTS (KOHA)
Call number prefix 295
Koha item type Library Membar
Holdings
Withdrawn status Lost status Source of classification or shelving scheme Damaged status Not for loan Home library Current library Date acquired Cost, normal purchase price Total Checkouts Full call number Barcode Date last seen Uniform Resource Identifier Price effective from Koha item type
          MACL MACL 15/04/2015 350.00   294.6/MOH CRE018824 02/05/2024 16340 15/04/2015 Books